Biodiversidad 2015 : (Registro nro. 18822)

Detalles MARC
000 -CABECERA
Campo de control 01956nam a2200421 4500
005 - FECHA Y HORA DE LA ULTIMA TRANSACCION
Campo de control 20200104041747.0
008 - ELEMENTOS DE LONGITUD FIJA—INFORMACION GENERAL
Campo de control 160624s2016 ck ab|||r|||| 001 0 spa d
020 ## - ISBN
ISBN 9789588889949 (impresa)
020 ## - ISBN
ISBN 9789588889956 (digital)
040 ## - FUENTE DE CATALOGACIÓN
Agencia catalogadora original CO-BoIAVH
Agencia transcriptora CO-BoIAVH
041 0# - IDIOMA
Código de idioma para texto/pista de sonido o título separado Español
044 ## - PAÍS DE PUBLICACIÓN
País de publicación Colombia
082 04 - NUMERO DE CLASIFICACION DECIMAL DEWEY
Número de clasificación 333.95
Número del ítem B44b1
245 00 - MENCION DE TITULO
Título Biodiversidad 2015 :
Parte restante del título Estado y tendencias de la biodiversidad continental de Colombia /
Mención de responsabilidad editado por María Fernanda Gómez, Luz Adriana Moreno, Germán Ignacio Andrade y Cristina Rueda ; ilustraciones de Guillermo Torres y Diego Cobos
260 ## - PUBLICACION, DISTRIBUCION, ETC. (PIE DE IMPRENTA)
Lugar de publicación, distribución, etc. Bogotá, Colombia :
Nombre del editor, distribuidor, etc. Instituto de Investigación de Recursos Biológicos Alexander von Humboldt,
Fecha de publicación, distribución, etc. 2016.
300 ## - DESCRIPCION FISICA
Extensión 112 páginas :
Otros detalles físicos ilustraciones a color y mapas a color ;
Dimensiones 32 x 24 cm.
500 ## - NOTA GENERAL
Nota general Incluye índice, anexos y glosario.
504 ## - NOTA DE BIBLIOGRAFIA, ETC.
Nota de bibliografía Incluye referencias bibliográficas: páginas 98-103.
505 0# - NOTA DE CONTENIDO
Nota de contenido Capítulo 1. Conocimiento de la biodiversidad.
505 0# - NOTA DE CONTENIDO
Nota de contenido Capítulo 2. Factores de transformación y pérdida de la biodiversidad.
505 0# - NOTA DE CONTENIDO
Nota de contenido Capítulo 3. Respuestas de la sociedad a la perdida de la biodiversidad.
505 0# - NOTA DE CONTENIDO
Nota de contenido Capítulo 4. Oportunidades de gestión territorial de la biodiversidad.
650 16 - ASIENTO SECUNDARIO DE MATERIA - TERMINO TEMATICO
Término temático o nombre geográfico como elemento de entrada Biodiversidad
Subdivisión general estado del conocimiento
9 (RLIN) 91026
650 26 - ASIENTO SECUNDARIO DE MATERIA - TERMINO TEMATICO
Término temático o nombre geográfico como elemento de entrada Biodiversidad
Subdivisión general Investigación
9 (RLIN) 91027
650 26 - ASIENTO SECUNDARIO DE MATERIA - TERMINO TEMATICO
Término temático o nombre geográfico como elemento de entrada Cambio climático
9 (RLIN) 98479
650 26 - ASIENTO SECUNDARIO DE MATERIA - TERMINO TEMATICO
Término temático o nombre geográfico como elemento de entrada Especies
9 (RLIN) 91029
650 24 - ASIENTO SECUNDARIO DE MATERIA - TERMINO TEMATICO
Término temático o nombre geográfico como elemento de entrada Biomas y ecosistemas
9 (RLIN) 91030
650 24 - ASIENTO SECUNDARIO DE MATERIA - TERMINO TEMATICO
Término temático o nombre geográfico como elemento de entrada Gestión territorial
9 (RLIN) 91031
650 24 - ASIENTO SECUNDARIO DE MATERIA - TERMINO TEMATICO
Término temático o nombre geográfico como elemento de entrada Factores de transformación
9 (RLIN) 72067
650 26 - ASIENTO SECUNDARIO DE MATERIA - TERMINO TEMATICO
Término temático o nombre geográfico como elemento de entrada Gobernanza
9 (RLIN) 91032
650 24 - ASIENTO SECUNDARIO DE MATERIA - TERMINO TEMATICO
Término temático o nombre geográfico como elemento de entrada Colecciones biológicas
9 (RLIN) 4146
651 #6 - ASIENTO SECUNDARIO DE MATERIA - NOMBRE GEOGRAFICO
Nombre geográfico Colombia
9 (RLIN) 91034
700 1# - ASIENTO SECUNDARIO - NOMBRE PERSONAL
Nombre personal Gómez, María Fernanda
Término de relación editora
9 (RLIN) 259
700 1# - ASIENTO SECUNDARIO - NOMBRE PERSONAL
Nombre personal Andrade, Germán I.
Término de relación editor
9 (RLIN) 100325
700 1# - ASIENTO SECUNDARIO - NOMBRE PERSONAL
Nombre personal Moreno, Luz Adriana
Término de relación editora
9 (RLIN) 299
710 2# - ASIENTO SECUNDARIO - NOMBRE CORPORATIVO
Nombre corporativo o de jurisdicción como elemento de entrada Instituto de Investigación de Recursos Biológicos Alexander von Humboldt
9 (RLIN) 204
942 ## - ELEMENTOS ADICIONALES (KOHA)
Sistema de clasificación Dewey Decimal Classification
Tipo de ítem Libro
Existencias
Withdrawn status Lost status Sistema de Clasificación Damaged status No para préstamo Colección Inventariado Ubicación Permanente Ubicación actual Fecha de adquisición Fuente de Valor Valor Total Checkouts Número topográfico Inventario / Código de Barras Date last seen Date checked out Ejemplar Price effective from Forma de adquisición Tipo de material
    Dewey Decimal Classification     Humboldt Inventariado 2017 Bogotá Bogotá 24/06/2016 Instituto 39000.00 16 IAVH-333.95 B44b1 040492 13/07/2023 17/03/2020 Ej. 1 24/06/2016 Institucional Libro
    Dewey Decimal Classification     Humboldt Inventariado 2017 Sala Fabio Quevedo Sala Fabio Quevedo 24/06/2016 Instituto 39000.00 1 IAVH-333.95 B44b1 040493 21/03/2017 21/03/2017 Ej. 2 24/06/2016 Institucional Libro
    Dewey Decimal Classification     Humboldt Inventariado 2017 Villa de Leyva Villa de Leyva 30/08/2017 Instituto 39000.00   IAVH-333.95 B44b1 042858 30/08/2017   Ej. 3 30/08/2017 Institucional Libro